banner koha

Estudo da adubacao e irrigacao em duas cultivares de tomate na Serra da Ibiapaba-Ceara (Registro n. 285313)

MARC details
000 -LÍDER
campo de controle de tamanho fixo 00920nac a22003017a 4500
001 - NÚMERO DE CONTROLE
campo de controle BR9400774
003 - IDENTIFICADOR DO NÚMERO DE CONTROLE
campo de controle BR-BrBNA
005 - DATA E HORÁRIO DA ÚLTIMA TRANSAÇÃO
campo de controle 20240105121434.0
008 - CAMPO DE DADOS FIXOS--INFORMAÇÃO GERAL
campo de controle de tamanho fixo 230509b bl.|||m| |||| 00| 0 por d
040 ## - FONTE DA CATALOGAÇÃO
Instituição da catalogação original BR-BrBNA
Idioma da catalogação por
Instituição que transcreveu o registro Biblioteca Nacional de Agricultura
072 ## - CÓDIGO DE CATEGORIA DE ASSUNTO
Código de Categoria de Assunto F04; F06; F30
090 ## - NÚMERO DE CHAMADA LOCAL
Número de chamada 1850 BR9400774
100 1# - ENTRADA PRINCIPAL--NOME PESSOAL
Nome pessoal Bezerril, E.F.
100 1# - ENTRADA PRINCIPAL--NOME PESSOAL
Nome pessoal Freire, J.M.
100 1# - ENTRADA PRINCIPAL--NOME PESSOAL
Nome pessoal Aragao Junior, T.C.
100 1# - ENTRADA PRINCIPAL--NOME PESSOAL
Nome pessoal Lima, A.R. da C.
100 1# - ENTRADA PRINCIPAL--NOME PESSOAL
Nome pessoal Lima, V.R.C.
245 1# - TÍTULO
Título Estudo da adubacao e irrigacao em duas cultivares de tomate na Serra da Ibiapaba-Ceara
490 ## - TÍTULO DA SÉRIE
Título da série Relatorio Anual de Pesquisa - Empresa de Pesquisa Agropecuaria do Ceara (Brazil)
Número do volume ou designação sequencial da série
ISSN - International Standard Serial Number
500 ## - NOTA GERAL
Nota geral Summary (Pt); 5 tables; 16 ref.
650 ## - ASSUNTO--TERMO TÓPICO
Cabeçalho tópico ou nome geográfico Tomate
650 ## - ASSUNTO--TERMO TÓPICO
Cabeçalho tópico ou nome geográfico Adubacao
650 ## - ASSUNTO--TERMO TÓPICO
Cabeçalho tópico ou nome geográfico Irrigacao
650 ## - ASSUNTO--TERMO TÓPICO
Cabeçalho tópico ou nome geográfico Variedade
650 ## - ASSUNTO--TERMO TÓPICO
Cabeçalho tópico ou nome geográfico Ceara
909 ## -
-- 202312
-- Lúcia Elande
-- 55
-- Lúcia Elande
942 ## - ELEMENTOS DE ENTRADA ADICIONADOS (KOHA)
Fonte da classificação ou esquema de arquivamento na estante Classificação AGRIS
Ocultar no OPAC Não
Tipo de material Koha Monografia Seriada
Exemplares
Situação do descarte Fonte da classificação ou esquema de arquivamento na estante Situação física Não pode ser emprestado Coleção Biblioteca de origem Biblioteca atual Localização na estante Total de empréstimos Número de telefone completo Código de barras Data de último acesso Tipo de material Koha Fonte de aquisição
  Classificação AGRIS       Biblioteca Nacional de Agricultura - Binagri Biblioteca Nacional de Agricultura - Binagri Agrobase - Acervo Geral   1850 BR9400774 1850 BR9400774 18/12/2023 Monografia Seriada Portaria Interministerial nº 164/94

BINAGRI

Telefone: (61)3218-2567/2388/3357/2097 - binagri@agro.gov.br

Ministério da Agricultura e Pecuária , Esplanada dos Ministérios, Bloco D, Anexo B, Brasília/DF, CEP: 70.043-900